000 00471nam a22001457a 4500
003 macl
005 20181214155547.0
008 181214b xxu||||| |||| 00| 0 eng d
040 _cmacl
100 _aप्रकाश मनु
_973391
245 _aभारत की अद्भुत लोककथाऍं
260 _aदिल्‍ली
_bसुधा बुक मार्ट
_c2015
650 _aकहानियॉं
_973392
942 _2ddc
_cHIN
999 _c58707
_d58707